| 000 | 00524nam a2200217Ia 4500 | ||
|---|---|---|---|
| 008 | 170918s9999 xx 000 0 und d | ||
| 020 | _a9780439841160 | ||
| 050 | _bS857 2000 | ||
| 100 | _aStilton, Geronimo | ||
| 245 | 4 | _aThe search for sunken treasure / | |
| 245 | _cby Geronimo Stilton. | ||
| 260 | _aNew York : | ||
| 260 | _bScholastic, | ||
| 260 | _c2000 | ||
| 300 | _a110 pages : | ||
| 300 | _bcolor illustrations ; | ||
| 300 | _c19cm. | ||
| 300 | _eGeronimo Stilton ; | ||
| 440 | _a25 | ||
| 500 | _a540 | ||
| 999 |
_c343691 _d343691 |
||